Normal view
MARC view
- Chinese Studies
Entry Topical Term
001 - CONTROL NUMBER
- control field: 116227
003 - CONTROL NUMBER IDENTIFIER
- control field: NUST
005 - DATE AND TIME OF LATEST TRANSACTION
- control field: 20230912165913.0
008 - FIXED-LENGTH DATA ELEMENTS
- fixed length control field: 230912|| aca||aabn | a|a d
040 ## - CATALOGING SOURCE
- Original cataloging agency: NUST
- Transcribing agency: NUST
150 ## - HEADING--TOPICAL TERM
- Topical term or geographic name entry element: Chinese Studies
670 ## - SOURCE DATA FOUND
- Source citation: Work cat.: (NUST): Qiwen, Chen. 88672, Yuan Longping : the father of hybrid rice /, 2019
